000 00592nam a22002057a 4500
999 _c15238
_d15238
003 OSt
082 _2631.587 ANI/EL
088 _aP 87
100 _aANILA JOSEPH MORRIS
_94011
245 _aElectro osmosis irrigation
260 _aTavanur 1999
_bdepartment of irrigation
300 _a65
500 _aElectro osmosis irrigation
520 _aElectro osmosis irrigation
700 _aBinu Koshy
_94012
700 _aJasmine Davis
_94013
700 _aEr. Abdul Hakkim V. M (Guide)
_93803
856 _uhttps://drive.google.com/open?id=1QfYQRhxiMOS29JMBWTDh86RDVISDfmeK
942 _cPR